<?xml version="1.0" encoding="UTF-8"?>
<record
    xmlns:xsi="http://www.w3.org/2001/XMLSchema-instance"
    xsi:schemaLocation="http://www.loc.gov/MARC21/slim http://www.loc.gov/standards/marcxml/schema/MARC21slim.xsd"
    xmlns="http://www.loc.gov/MARC21/slim">

  <leader>00689nam a2200205Ia 4500</leader>
  <controlfield tag="003">IN-BaIIA</controlfield>
  <controlfield tag="008">211028s9999    xx            000 0 eng d</controlfield>
  <datafield tag="040" ind1=" " ind2=" ">
    <subfield code="c">IIA Library</subfield>
  </datafield>
  <datafield tag="080" ind1=" " ind2=" ">
    <subfield code="a">551.510.5</subfield>
    <subfield code="b">KAT</subfield>
  </datafield>
  <datafield tag="100" ind1=" " ind2=" ">
    <subfield code="a">Kats, A. L</subfield>
    <subfield code="9">6633</subfield>
  </datafield>
  <datafield tag="245" ind1=" " ind2="0">
    <subfield code="a">Stratospheric and mesospheric circulation</subfield>
    <subfield code="c">A. L. Kats; translated from Russian by I. Shechtman</subfield>
  </datafield>
  <datafield tag="260" ind1=" " ind2=" ">
    <subfield code="a">Jerusalem</subfield>
    <subfield code="b">Israel Program for Scientific Translations</subfield>
    <subfield code="c">1970</subfield>
  </datafield>
  <datafield tag="300" ind1=" " ind2=" ">
    <subfield code="a">v, 169p.</subfield>
  </datafield>
  <datafield tag="500" ind1=" " ind2=" ">
    <subfield code="a">Translation of T&#xFE20;S&#xFE21;irkuli&#xFE20;a&#xFE21;t&#xFE20;s&#xFE21;ii&#xFE20;a&#xFE21; v stratosfere i mezosfere</subfield>
  </datafield>
  <datafield tag="650" ind1=" " ind2=" ">
    <subfield code="a">Atmospheres</subfield>
    <subfield code="9">2122</subfield>
  </datafield>
  <datafield tag="650" ind1=" " ind2=" ">
    <subfield code="a">Mesosphere</subfield>
    <subfield code="9">3896</subfield>
  </datafield>
  <datafield tag="650" ind1=" " ind2=" ">
    <subfield code="a">Stratosphere</subfield>
    <subfield code="9">3897</subfield>
  </datafield>
  <datafield tag="700" ind1=" " ind2=" ">
    <subfield code="a">Shechtman, I., tr.</subfield>
    <subfield code="9">6634</subfield>
  </datafield>
  <datafield tag="942" ind1=" " ind2=" ">
    <subfield code="c">BK</subfield>
  </datafield>
  <datafield tag="999" ind1=" " ind2=" ">
    <subfield code="c">3737</subfield>
    <subfield code="d">3737</subfield>
  </datafield>
  <datafield tag="952" ind1=" " ind2=" ">
    <subfield code="0">0</subfield>
    <subfield code="1">0</subfield>
    <subfield code="4">0</subfield>
    <subfield code="7">0</subfield>
    <subfield code="a">BAN</subfield>
    <subfield code="b">BAN</subfield>
    <subfield code="c">GEN</subfield>
    <subfield code="d">1971-07-24</subfield>
    <subfield code="g">94.50</subfield>
    <subfield code="l">0</subfield>
    <subfield code="o">551.510.5/ KAT</subfield>
    <subfield code="p">4169</subfield>
    <subfield code="r">2021-11-05</subfield>
    <subfield code="v">94.50</subfield>
    <subfield code="w">1971-07-24</subfield>
    <subfield code="y">BK</subfield>
    <subfield code="G">Rs. 94.50</subfield>
  </datafield>
</record>
